[Event "ROU-chT Women Superliga 2018"]
[Site "Sovata"]
[Date "2018.11.26"]
[Round "2"]
[White "Aciu, Malina-Andreea"]
[Black "Patru, Alexandra-Ioana"]
[Result "1/2-1/2"]
[WhiteElo "1976"]
[BlackElo "1631"]
[Annotator "NA"]
[PlyCount "100"]
[EventDate "2018.11.24"]
[EventType "team-tourn"]
[EventCountry "ROU"]
[SourceTitle "playchess.com"]
[Source "ChessBase"]
[SourceQuality "1"]
[TimeControl "40/5400+30:1800+30"]

1. e4 {[%emt 0:00:00]} e5 {[%emt 0:00:00]} 2. Nf3 {[%emt 0:00:00]} Nc6 {[%emt 0:00:00]} 3. Bb5 {[%emt 0:00:00]} a6 {[%emt 0:00:00]} 4. Ba4 {[%emt 0:00:00]} Nf6 {[%emt 0:00:00]} 5. O-O {[%emt 0:00:00]} Be7 {[%emt 0:00:00]} 6. Re1 {[%emt 0:00:00]} b5 {[%emt 0:00:03]} 7. Bb3 {[%emt 0:00:03]} O-O {[%emt 0:00:06]} 8. a4 {[%emt 0:00:03]} Bb7 {[%emt 0:02:32]} 9. d3 {[%emt 0:00:06]} d6 {[%emt 0:03:40]} 10. Nbd2 {[%emt 0:00:09]} h6 {[%emt 0:04:24]} 11. Nf1 {[%emt 0:00:36]} Re8 {[%emt 0:05:58]} 12. Bd2 {[%emt 0:04:58]} Bf8 {[%emt 0:02:01]} 13. Ne3 {[%emt 0:01:12]} g6 {[%emt 0:08:44]} 14. c4 {[%emt 0:06:03]} bxc4 {[%emt 0:05:43]} 15. Bxc4 {[%emt 0:00:16]} Qd7 {[%emt 0:05:58]} 16. b4 $11 {[%emt 0:18:19]} Reb8 {[%emt 0:04:29]} 17. Bc3 {[%emt 0:02:50]} Bg7 {[%emt 0:01:39]} 18. Qb3 {[%emt 0:12:17]} Nd8 {[%emt 0:02:57]} 19. Qa2 {[%emt 0:04:12]} c6 {[%emt 0:02:11]} 20. Rad1 {[%emt 0:02:40]} Qc7 {[%emt 0:02:00]} 21. Nc2 {[%emt 0:05:42]} Nd7 {[%emt 0:05:16]} 22. Bd2 {[%emt 0:20:22]} c5 {[%emt 0:03:06]} 23. Rb1 {[%emt 0:01:19]} cxb4 {[%emt 0:04:46]} 24. Nxb4 {[%emt 0:00:28]} Nc5 {[%emt 0:01:08]} 25. Be3 {[%emt 0:02:38]} a5 {[%emt 0:03:35]} 26. Bxc5 {[%emt 0:01:54]} Qxc5 {[%emt 0:00:50]} 27. Nd5 {[%emt 0:01:35]} Bxd5 {[%emt 0:00:31]} 28. Bxd5 {[%emt 0:00:20]} Rxb1 {[%emt 0:00:15]} 29. Rxb1 {[%emt 0:01:48]} Rc8 {[%emt 0:00:07]} 30. g3 {[%emt 0:01:04]} Bf6 {[%emt 0:02:17]} 31. Bc4 {[%emt 0:00:57]} Qc7 {[%emt 0:00:57]} 32. Kg2 {[%emt 0:00:54]} Rb8 {[%emt 0:04:10]} 33. Rc1 {[%emt 0:02:53]} Qb7 {[%emt 0:04:48]} 34. Bb5 {[%emt 0:02:37]} Rc8 {[%emt 0:01:44]} 35. Rb1 {[%emt 0:01:08]} Qc7 {[%emt 0:00:33]} 36. Bc4 {[%emt 0:00:36]} Kg7 {[%emt 0:01:31]} 37. Qb3 {[%emt 0:01:33]} Nc6 {[%emt 0:01:41]} 38. Rc1 {[%emt 0:01:21]} Nb4 {[%emt 0:01:23]} 39. Rb1 {[%emt 0:02:52]} Rb8 {[%emt 0:01:38]} 40. Ne1 {[%emt 0:00:00]} Nc6 {[%emt 0:00:00]} 41. Qa2 {[%emt 0:02:52]} Rxb1 {[%emt 0:03:30]} 42. Qxb1 {[%emt 0:00:04]} Nb4 {[%emt 0:00:23]} 43. Nc2 {[%emt 0:01:44]} Nxc2 {[%emt 0:00:06]} 44. Qxc2 {[%emt 0:00:02]} Bd8 {[%emt 0:00:42]} 45. Qb3 {[%emt 0:02:59]} Qa7 {[%emt 0:01:17]} 46. h4 {[%emt 0:02:31]} Bb6 {[%emt 0:00:31]} 47. Qa2 {[%emt 0:00:10]} h5 {[%emt 0:00:24]} 48. Qe2 {[%emt 0:02:46]} Qe7 {[%emt 0:01:14]} 49. Qf3 {[%emt 0:04:23]} Qf6 {[%emt 0:01:26]} 50. Qxf6+ {[%emt 0:03:30]} Kxf6 {[%emt 0:00:06]} 1/2-1/2

[Event "ROU-chT Women Superliga 2018"]
[Site "Sovata"]
[Date "2018.11.26"]
[Round "2"]
[White "Ciolacu, Alessia-Mihaela"]
[Black "Firaru, Roxana-Maria"]
[Result "1-0"]
[WhiteElo "1972"]
[BlackElo "1943"]
[Annotator "NA"]
[PlyCount "123"]
[EventDate "2018.11.24"]
[EventType "team-tourn"]
[EventCountry "ROU"]
[SourceTitle "playchess.com"]
[Source "ChessBase"]
[SourceQuality "1"]
[TimeControl "40/5400+30:1800+30"]

1. d4 {[%emt 0:00:00]} Nf6 {[%emt 0:00:22]} 2. Nf3 {[%emt 0:00:00]} e6 {[%emt 0:00:36]} 3. Bg5 {[%emt 0:00:05]} d5 {[%emt 0:02:11]} 4. e3 {[%emt 0:00:17]} Nbd7 {[%emt 0:05:01]} 5. c4 {[%emt 0:00:37]} Bb4+ {[%emt 0:05:10]} 6. Nc3 {[%emt 0:00:26]} O-O {[%emt 0:00:39]} 7. Qc2 {[%emt 0:02:47] D38: Queen's Gambit Declined: Ragozin Defence (4 Nf3 Bb4)} (7. Rc1 c6 8. a3 Be7 9. h3 h6 10. Bf4 dxc4 11. Bxc4 b5 12. Bd3 Bb7 13. O-O Qb6 14. Qe2 a6 {½-½ (51) Goganov,A (2627)-Kravtsiv,M (2631) Riga 2016}) 7... h6 {[%emt 0:05:21]} 8. Bh4 {[%emt 0:01:11]} Re8 {[%emt 0:05:59]} 9. a3 {[%emt 0:03:39]} Bxc3+ {[%emt 0:03:45]} 10. Qxc3 {[%emt 0:00:11]} a5 $146 {[%emt 0:09:15]} ({Predecessor:} 10... b6 11. cxd5 exd5 12. Bd3 c5 13. O-O Bb7 14. Rac1 Rc8 15. Qd2 Qe7 {½-½ (53) Hoshino,K (1726)-Yoshioka,A (1601) Sao Paulo 2014}) 11. c5 {[%emt 0:08:28]} c6 {[%emt 0:03:18]} 12. Bd3 {[%emt 0:01:20]} Qe7 {[%emt 0:05:31]} 13. b4 {[%emt 0:03:00]} axb4 {[%emt 0:03:38]} 14. axb4 {[%emt 0:00:10]} Rxa1+ {[%emt 0:01:05]} 15. Qxa1 {[%emt 0:00:05]} e5 {[%emt 0:04:11]} 16. dxe5 {[%emt 0:02:07]} Nxe5 {[%emt 0:00:37]} 17. Nxe5 {[%emt 0:00:09]} Qxe5 {[%emt 0:00:15]} 18. Qxe5 {[%emt 0:02:18]} Rxe5 {[%emt 0:00:05]} 19. Bxf6 {[%emt 0:01:09]} gxf6 {[%emt 0:00:02]} 20. Kd2 {[%emt 0:00:21]} Kf8 {[%emt 0:03:04]} 21. Ra1 {[%emt 0:03:53]} Re8 {[%emt 0:01:02]} 22. Ra8 {[%emt 0:04:05]} Be6 {[%emt 0:03:15]} 23. Rxe8+ {[%emt 0:16:43]} Kxe8 {[%emt 0:00:06]} 24. Ke2 {[%emt 0:00:11]} Kd8 {[%emt 0:08:17]} 25. Kf3 {[%emt 0:02:21]} Ke7 {[%emt 0:01:55]} 26. Kf4 {[%emt 0:11:11]} Kf8 {[%emt 0:02:16]} 27. g4 {[%emt 0:05:47]} Kg7 {[%emt 0:04:00]} 28. Bf5 {[%emt 0:02:14]} Kf8 {[%emt 0:01:54]} 29. Bd3 {[%emt 0:05:12]} Kg8 {[%emt 0:00:26]} 30. Kg3 {[%emt 0:00:13]} Bd7 {[%emt 0:01:30]} 31. Kh4 {[%emt 0:03:13]} Bc8 {[%emt 0:02:38]} 32. Kh5 {[%emt 0:03:50]} Kg7 {[%emt 0:00:11]} 33. f3 {[%emt 0:01:40]} Bd7 {[%emt 0:00:38]} 34. Bc2 {[%emt 0:00:15]} Bc8 {[%emt 0:00:20]} 35. e4 {[%emt 0:04:50]} dxe4 {[%emt 0:05:17]} 36. Bxe4 {[%emt 0:00:07]} Be6 {[%emt 0:08:06]} 37. Kh4 {[%emt 0:05:28]} Kf8 {[%emt 0:01:09]} 38. Kg3 {[%emt 0:00:39]} Ke7 {[%emt 0:00:42]} 39. f4 {[%emt 0:00:47]} Kf8 {[%emt 0:01:54]} 40. Kf3 {[%emt 0:00:00]} Ke7 $1 $11 {[%emt 0:00:00]} 41. Kg3 {[%emt 0:03:44]} Kf8 {[%emt 0:02:04]} 42. Kh4 {[%emt 0:01:05]} Kg8 {[%emt 0:01:47]} 43. Kh5 {[%emt 0:02:21]} Kg7 {[%emt 0:00:17]} 44. Bd3 {[%emt 0:03:21]} Bb3 {[%emt 0:04:23]} 45. Bf5 {[%emt 0:01:35]} Be6 $2 {[%emt 0:02:46]} (45... Bc4 $16) 46. Be4 {[%emt 0:05:34]} Bc4 {[%emt 0:03:03]} 47. Kh4 {[%emt 0:02:46]} Kf8 {[%emt 0:01:38]} 48. Kg3 {[%emt 0:00:38]} Ke7 {[%emt 0:00:41]} 49. Kf3 {[%emt 0:01:05]} Kf8 {[%emt 0:03:04]} 50. Ke3 {[%emt 0:01:14]} Ke7 {[%emt 0:00:36]} 51. h4 {[%emt 0:01:20]} Be6 {[%emt 0:07:18]} 52. Bf3 {[%emt 0:06:19]} Bc4 {[%emt 0:01:26]} 53. Kd4 {[%emt 0:01:27]} Ba6 {[%emt 0:04:42]} 54. Be4 {[%emt 0:01:44]} Ke6 $2 {[%emt 0:01:58]} (54... Be2 $16) 55. Bf5+ {[%emt 0:00:26]} Ke7 {[%emt 0:00:16]} 56. Bd3 {[%emt 0:00:27]} Ke6 {[%emt 0:05:01]} 57. Bxa6 {[%emt 0:03:39]} bxa6 {[%emt 0:00:05]} 58. Ke4 $11 {[%emt 0:00:07]} (58. Kd3 $18 Ke7 59. h5) 58... Kd7 {[%emt 0:01:13]} 59. Kf5 {[%emt 0:00:08]} Ke7 {[%emt 0:00:48]} 60. h5 {[%emt 0:00:12]} Ke8 {[%emt 0:00:33]} 61. Kxf6 {[%emt 0:00:08]} Kf8 {[%emt 0:00:10]} 62. g5 {[%emt 0:00:18]} 1-0

[Event "ROU-chT Women Superliga 2018"]
[Site "Sovata"]
[Date "2018.11.26"]
[Round "2"]
[White "Panainte, Andreea-Bianca"]
[Black "Pelin, Ana-Maria"]
[Result "1-0"]
[WhiteElo "1946"]
[BlackElo "1751"]
[Annotator "NA"]
[PlyCount "53"]
[EventDate "2018.11.24"]
[EventType "team-tourn"]
[EventCountry "ROU"]
[SourceTitle "playchess.com"]
[Source "ChessBase"]
[SourceQuality "1"]
[TimeControl "40/5400+30:1800+30"]

1. e4 {[%emt 0:00:00]} c5 {[%emt 0:00:00]} 2. c3 {[%emt 0:00:00]} Nf6 {[%emt 0:00:00]} 3. e5 {[%emt 0:00:00]} Nd5 {[%emt 0:00:00]} 4. d4 {[%emt 0:00:00]} cxd4 {[%emt 0:00:00] LiveBook: 7245 Games} 5. Nf3 {[%emt 0:00:00]} Nc6 {[%emt 0:00:09]} 6. Bc4 {[%emt 0:00:03]} Nb6 {[%emt 0:00:06]} 7. Bb3 {[%emt 0:00:04]} d5 {[%emt 0:00:27]} 8. exd6 {[%emt 0:00:07]} Qxd6 {[%emt 0:00:05]} 9. O-O {[%emt 0:00:04]} Be6 {[%emt 0:09:21]} 10. Na3 {[%emt 0:00:07]} a6 {[%emt 0:00:37]} 11. Bxe6 {[%emt 0:00:07]} Qxe6 {[%emt 0:00:08]} 12. Nxd4 {[%emt 0:00:04] B22: Sicilian: 2 c3} Qd7 {[%emt 0:04:33]} (12... Nxd4 13. Qxd4 Rd8 14. Qe3 Qxe3 15. Bxe3 Na4 16. Rab1 e6 17. Nc4 f6 18. Rfc1 Bc5 19. Bxc5 Nxc5 {½-½ (49) Savic,M (2515)-Miladinovic,I (2557) Cetinje 2012}) 13. Be3 {[%emt 0:04:34]} Nd5 {[%emt 0:06:32]} 14. Nc4 {[%emt 0:04:01]} Nxe3 $146 {[%emt 0:13:34]} ({Predecessor:} 14... e6 15. Qf3 Nd8 16. Rfe1 Nxe3 17. Nb6 Qd6 18. Nxa8 Nc4 19. Rad1 Qb8 {1-0 (27) Degraeve,J (2410)-Luce,S (2415) Toulouse 1995}) 15. fxe3 {[%emt 0:01:00]} Rd8 {[%emt 0:08:04]} 16. Qf3 $16 {[%emt 0:03:31]} f6 {[%emt 0:02:22]} 17. Rad1 {[%emt 0:06:38]} Nxd4 18. Rxd4 {[%emt 0:00:59]} Qc7 {[%emt 0:06:25]} 19. Rxd8+ {[%emt 0:00:22]} Kxd8 {[%emt 0:00:15]} 20. Rd1+ {[%emt 0:02:28]} Kc8 {[%emt 0:18:55]} 21. Qf5+ {[%emt 0:02:10]} Kb8 {[%emt 0:00:05]} 22. Qe6 {[%emt 0:00:10]} Qc6 {[%emt 0:01:17]} 23. Rd8+ {[%emt 0:02:23]} Ka7 {[%emt 0:00:14]} 24. Qf7 {[%emt 0:05:34]} Qe4 {[%emt 0:03:24]} 25. h3 {[%emt 0:07:22]} h5 {[%emt 0:12:25]} 26. b3 {[%emt 0:02:02]} h4 {[%emt 0:01:13]} 27. Qe8 {[%emt 0:00:34]} 1-0

[Event "ROU-chT Women Superliga 2018"]
[Site "Sovata"]
[Date "2018.11.26"]
[Round "2"]
[White "Ciungan, Diana-Alexandra"]
[Black "Baciu, Anca-Otilia"]
[Result "1/2-1/2"]
[WhiteElo "1863"]
[BlackElo "1998"]
[Annotator "NA"]
[PlyCount "50"]
[EventDate "2018.11.24"]
[EventType "team-tourn"]
[EventCountry "ROU"]
[SourceTitle "playchess.com"]
[Source "ChessBase"]
[SourceQuality "1"]
[TimeControl "40/5400+30:1800+30"]

1. e4 {[%emt 0:00:00]} c5 {[%emt 0:00:00]} 2. Nf3 {[%emt 0:00:00]} e6 {[%emt 0:00:00]} 3. d4 {[%emt 0:00:00]} cxd4 {[%emt 0:00:00]} 4. Nxd4 {[%emt 0:00:05]} Nf6 {[%emt 0:00:07]} 5. Nc3 {[%emt 0:00:10]} d6 {[%emt 0:00:09]} 6. g4 {[%emt 0:00:16]} Nc6 {[%emt 0:01:26]} 7. g5 {[%emt 0:04:30]} Nd7 {[%emt 0:00:07]} 8. Ndb5 {[%emt 0:08:10]} Nb6 {[%emt 0:10:07]} 9. Bf4 {[%emt 0:08:59]} e5 {[%emt 0:07:28]} 10. Be3 {[%emt 0:00:34]} Be6 {[%emt 0:00:24]} (10... a6 $11 11. Na3 Be6) 11. Bxb6 $15 {[%emt 0:13:26]} (11. Nd5 $16 Bxd5 12. exd5) 11... Qxb6 {[%emt 0:19:14]} 12. Nd5 {[%emt 0:00:46]} Bxd5 {[%emt 0:00:06]} 13. Qxd5 {[%emt 0:00:04]} a6 {[%emt 0:12:09]} 14. Nxd6+ {[%emt 0:13:02]} Bxd6 {[%emt 0:00:08]} 15. Qxd6 {[%emt 0:00:04]} Qxb2 {[%emt 0:02:52]} 16. Rd1 {[%emt 0:00:04]} Rd8 {[%emt 0:14:02]} 17. Qc5 {[%emt 0:02:24]} Rxd1+ {[%emt 0:00:08]} 18. Kxd1 {[%emt 0:00:04]} Qxa2 {[%emt 0:02:03]} 19. Bh3 {[%emt 0:08:18]} Qa1+ {[%emt 0:05:18]} 20. Kd2 {[%emt 0:00:04]} Qd4+ {[%emt 0:02:15]} 21. Qxd4 {[%emt 0:00:12]} Nxd4 {[%emt 0:00:21]} 22. Bc8 {[%emt 0:00:32]} Ke7 {[%emt 0:05:17]} 23. Bxb7 {[%emt 0:00:09]} a5 {[%emt 0:00:21]} 24. Ra1 {[%emt 0:01:39]} Rb8 {[%emt 0:01:05]} 25. Bd5 {[%emt 0:04:29]} Rb2 {[%emt 0:02:56]} 1/2-1/2

[Event "ROU-chT Women Superliga 2018"]
[Site "Sovata"]
[Date "2018.11.26"]
[Round "2"]
[White "Anton, Ana-Roxana"]
[Black "Cosman, Andreea-Marioara"]
[Result "0-1"]
[WhiteElo "1860"]
[BlackElo "2176"]
[Annotator "NA"]
[PlyCount "70"]
[EventDate "2018.11.24"]
[EventType "team-tourn"]
[EventCountry "ROU"]
[SourceTitle "playchess.com"]
[Source "ChessBase"]
[SourceQuality "1"]
[TimeControl "40/5400+30:1800+30"]

1. e4 {[%emt 0:00:00]} c5 {[%emt 0:00:00]} 2. Nc3 {[%emt 0:00:00]} d6 {[%emt 0:00:00]} 3. Bb5+ {[%emt 0:00:16]} Nc6 {[%emt 0:00:00]} 4. f4 {[%emt 0:00:48]} Bd7 {[%emt 0:00:09]} 5. a4 {[%emt 0:04:13]} g6 {[%emt 0:02:00]} 6. Nf3 {[%emt 0:00:15]} Bg7 {[%emt 0:02:57]} 7. O-O {[%emt 0:02:13]} e6 {[%emt 0:03:41]} 8. Bc4 {[%emt 0:08:29]} Nge7 {[%emt 0:05:42]} 9. Ng5 $15 {[%emt 0:18:57]} O-O {[%emt 0:11:07]} 10. d3 {[%emt 0:10:50]} Nd4 {[%emt 0:19:00]} 11. Ne2 {[%emt 0:02:45]} d5 {[%emt 0:01:44]} 12. Bb3 {[%emt 0:07:20]} Nxb3 {[%emt 0:06:35]} 13. cxb3 {[%emt 0:00:00]} Nc6 {[%emt 0:00:01]} 14. Kh1 {[%emt 0:10:13]} dxe4 {[%emt 0:07:56]} 15. dxe4 {[%emt 0:00:17]} Nb4 {[%emt 0:00:34]} 16. Ng3 {[%emt 0:03:37]} h6 {[%emt 0:03:40]} 17. Nf3 {[%emt 0:01:52]} Bc6 {[%emt 0:00:15]} 18. Be3 {[%emt 0:02:12]} b6 {[%emt 0:05:18]} 19. Rf2 {[%emt 0:03:18]} Qc8 {[%emt 0:10:49]} 20. Rd2 {[%emt 0:00:31]} Qb7 {[%emt 0:01:03]} 21. Ne5 {[%emt 0:06:48]} h5 {[%emt 0:02:51]} 22. Nxc6 {[%emt 0:02:15]} Qxc6 {[%emt 0:00:05]} 23. Qf3 {[%emt 0:00:27]} Rfd8 {[%emt 0:07:46]} 24. Rad1 {[%emt 0:00:24]} Bf6 {[%emt 0:01:15]} 25. h3 {[%emt 0:03:55]} Rxd2 {[%emt 0:02:14]} 26. Rxd2 {[%emt 0:00:05]} Rd8 {[%emt 0:00:30]} 27. Rxd8+ {[%emt 0:07:22]} Bxd8 {[%emt 0:00:06]} 28. Qd1 {[%emt 0:00:06]} Bh4 {[%emt 0:00:04]} 29. Bf2 {[%emt 0:03:03]} Bxg3 {[%emt 0:01:18]} 30. Bxg3 {[%emt 0:00:02]} Qxe4 {[%emt 0:00:10]} 31. Qd8+ {[%emt 0:00:06]} Kg7 {[%emt 0:01:53]} 32. Qc7 {[%emt 0:00:18]} Nd5 {[%emt 0:00:25]} 33. Qb7 {[%emt 0:01:08]} Qb1+ {[%emt 0:03:42]} 34. Kh2 {[%emt 0:00:21]} Ne3 {[%emt 0:00:13]} 35. Qf3 {[%emt 0:00:36]} Nf1+ 0-1

[Event "ROU-chT Women Superliga 2018"]
[Site "Sovata"]
[Date "2018.11.26"]
[Round "2"]
[White "Cristocea, Gabriela"]
[Black "Nastase, Andreea-Cristina"]
[Result "1/2-1/2"]
[WhiteElo "1843"]
[BlackElo "1900"]
[Annotator "NA"]
[PlyCount "105"]
[EventDate "2018.11.24"]
[EventType "team-tourn"]
[EventCountry "ROU"]
[SourceTitle "playchess.com"]
[Source "ChessBase"]
[SourceQuality "1"]
[TimeControl "40/5400+30:1800+30"]

1. d4 {[%emt 0:00:00]} d5 {[%emt 0:00:00]} 2. c4 {[%emt 0:00:00]} dxc4 {[%emt 0:00:01]} 3. e4 {[%emt 0:00:00]} e6 {[%emt 0:01:58]} 4. Bxc4 {[%emt 0:00:02]} Nf6 {[%emt 0:00:35]} 5. Nc3 {[%emt 0:01:38]} a6 {[%emt 0:00:08]} 6. e5 {[%emt 0:03:15]} Nd5 {[%emt 0:00:43]} 7. Nxd5 {[%emt 0:05:59]} exd5 {[%emt 0:00:04]} 8. Be2 {[%emt 0:00:10]} Bb4+ {[%emt 0:06:14]} 9. Bd2 {[%emt 0:00:10]} Bxd2+ {[%emt 0:00:09]} 10. Qxd2 {[%emt 0:00:06]} Nc6 {[%emt 0:00:11]} 11. Nf3 {[%emt 0:04:27]} Bf5 {[%emt 0:04:32]} 12. Rc1 {[%emt 0:01:33]} Qe7 {[%emt 0:03:59]} 13. O-O {[%emt 0:00:51]} O-O {[%emt 0:01:16]} 14. a3 {[%emt 0:03:43]} h6 {[%emt 0:01:19]} 15. Qc3 {[%emt 0:04:21]} Bg4 {[%emt 0:02:05]} 16. Rfe1 {[%emt 0:00:59]} Rfd8 {[%emt 0:02:08]} 17. b4 $14 {[%emt 0:02:20]} Rac8 {[%emt 0:07:05]} 18. Bxa6 {[%emt 0:06:48]} Nxb4 {[%emt 0:02:10]} 19. Bxb7 {[%emt 0:02:12]} Rb8 {[%emt 0:03:36]} 20. Qxc7 {[%emt 0:00:34]} Rxb7 {[%emt 0:01:27]} 21. Qxe7 {[%emt 0:00:21]} Rxe7 {[%emt 0:00:03]} 22. axb4 {[%emt 0:00:21]} Bxf3 {[%emt 0:00:47]} 23. gxf3 {[%emt 0:00:08]} Rb7 {[%emt 0:00:07]} 24. Rb1 {[%emt 0:03:07]} Rdb8 {[%emt 0:00:05]} 25. Red1 {[%emt 0:03:50]} Rxb4 {[%emt 0:00:05]} 26. Rxb4 {[%emt 0:00:08]} Rxb4 {[%emt 0:00:02]} 27. Kg2 {[%emt 0:06:48]} Kf8 {[%emt 0:01:00]} 28. Rd3 {[%emt 0:01:47]} Ke7 {[%emt 0:00:50]} 29. Kg3 {[%emt 0:06:47]} Ke6 {[%emt 0:00:14]} 30. Rd1 {[%emt 0:01:22]} Kf5 {[%emt 0:00:37]} 31. h4 {[%emt 0:03:08]} g5 {[%emt 0:01:57]} 32. hxg5 {[%emt 0:06:10]} hxg5 {[%emt 0:00:03]} 33. Rd3 {[%emt 0:01:03]} Ra4 {[%emt 0:01:01]} 34. Kg2 {[%emt 0:04:04]} Kf4 {[%emt 0:01:54]} 35. Kf1 {[%emt 0:00:26]} Rb4 {[%emt 0:04:21]} 36. Ke1 {[%emt 0:00:35]} g4 {[%emt 0:02:37]} 37. fxg4 {[%emt 0:00:57]} Kxg4 {[%emt 0:05:29]} 38. Ke2 {[%emt 0:01:14]} Rb2+ {[%emt 0:03:01]} 39. Ke3 {[%emt 0:01:37]} Kf5 {[%emt 0:00:28]} 40. Ra3 {[%emt 0:00:00]} Rb7 {[%emt 0:00:00]} 41. f3 {[%emt 0:04:52]} Rb6 {[%emt 0:04:24]} 42. Ra5 {[%emt 0:05:47]} Rb3+ {[%emt 0:01:27]} 43. Ke2 {[%emt 0:03:03]} Rb2+ {[%emt 0:02:46]} 44. Ke3 {[%emt 0:01:05]} Rb3+ {[%emt 0:00:05]} 45. Kf2 {[%emt 0:02:23]} Kf4 {[%emt 0:00:47]} 46. Rxd5 {[%emt 0:00:06]} Rxf3+ {[%emt 0:02:11]} 47. Kg2 {[%emt 0:05:21]} Ke4 {[%emt 0:00:57]} 48. Rd7 {[%emt 0:00:27]} Rd3 {[%emt 0:02:28]} 49. Rxf7 {[%emt 0:00:27]} Rxd4 {[%emt 0:00:05]} 50. e6 {[%emt 0:00:44]} Rd8 {[%emt 0:00:03]} 51. Kg3 {[%emt 0:04:25]} Re8 {[%emt 0:00:06]} 52. e7 {[%emt 0:00:38]} Ke5 {[%emt 0:00:05]} 53. Kg4 {[%emt 0:01:02]} 1/2-1/2

[Event "ROU-chT Women Superliga 2018"]
[Site "Sovata"]
[Date "2018.11.26"]
[Round "2"]
[White "Didiliuc, Dariana-Gabriela"]
[Black "Cosma, Elena-Luminita"]
[Result "1/2-1/2"]
[WhiteElo "1784"]
[BlackElo "2338"]
[Annotator "TA"]
[PlyCount "82"]
[EventDate "2018.11.24"]
[EventType "team-tourn"]
[EventCountry "ROU"]
[SourceTitle "playchess.com"]
[Source "ChessBase"]
[SourceQuality "1"]

{[%evp 17,82,35,36,20,27,17,31,12,12,8,27,23,24,0,22,0,0,-6,-8,0,13,-55,-6,-5,0,-5,-5,-5,-5,-5,-5,-5,0,-15,-10,-33,-18,-47,-31,-26,-17,-14,0,0,-4,-19,-21,-12,0,0,-6,-8,-2,-53,-60,-56,-11,-18,0,0,5,0,0,0,2,6,18]} 1. d4 d5 2. c4 e6 3. Nc3 Nf6 4. cxd5 exd5 5. Bg5 c6 6. e3 Be7 7. Bd3 Nbd7 8. Nge2 Nh5 9. Bxe7 Qxe7 10. Qd2 {D35: Queen's Gambit Declined: Exchange Variation} Nb6 11. f3 Bd7 $146 ({Predecessor:} 11... g6 12. O-O O-O 13. Rae1 Be6 14. e4 dxe4 15. fxe4 Rad8 16. b3 Bg4 17. Qe3 f6 {1-0 (39) Ding,L (2782)-Inarkiev,E (2660) Baku 2015}) 12. e4 {White is slightly better.} dxe4 13. fxe4 O-O 14. O-O Rad8 15. Qe3 Bc8 16. Rf2 Nf6 {[%cal Bh5f6,Bf6g4,Bg4e3][%mdl 32]} 17. Qg3 c5 18. d5 Ng4 19. Rf4 (19. Rff1 $11) 19... c4 20. Bc2 f5 21. exf5 Qe3+ 22. Kh1 $132 {[%mdl 2048] White has counterplay} Qxg3 23. Nxg3 Ne3 {[%mdl 64] [#] Double Attack} 24. Be4 Nexd5 25. Rf3 Nf6 26. Bc2 Bd7 27. Nge4 Bc6 28. Nxf6+ gxf6 29. Be4 Rfe8 30. Bxc6 bxc6 31. Rf2 Rd3 32. Rc1 Kf7 33. h3 Nd5 34. Na4 Ne3 35. Nc5 (35. b3 $11) 35... Rd5 $15 36. Na6 Ra5 37. Nb4 $1 {The position is equal.} c5 38. Nc2 Nxc2 39. Rcxc2 Rxa2 40. Rxc4 Re5 41. g4 Ra1+ {Accuracy: White = 42%, Black = 61%.} 1/2-1/2

[Event "ROU-chT Women Superliga 2018"]
[Site "Sovata"]
[Date "2018.11.26"]
[Round "2"]
[White "Rata, Anamaria"]
[Black "Dragomirescu, Angela"]
[Result "0-1"]
[WhiteElo "1780"]
[BlackElo "2275"]
[Annotator "NA"]
[PlyCount "44"]
[EventDate "2018.11.24"]
[EventType "team-tourn"]
[EventCountry "ROU"]
[SourceTitle "playchess.com"]
[Source "ChessBase"]
[SourceQuality "1"]
[TimeControl "40/5400+30:1800+30"]

1. e4 {[%emt 0:00:00]} d6 {[%emt 0:00:00]} 2. d4 {[%emt 0:00:00]} Nf6 {[%emt 0:00:00]} 3. Nc3 {[%emt 0:00:00]} e5 {[%emt 0:00:00]} 4. Nf3 {[%emt 0:00:34]} Nbd7 {[%emt 0:00:01]} 5. Bc4 {[%emt 0:00:40]} Be7 {[%emt 0:00:04]} 6. O-O {[%emt 0:01:26]} O-O {[%emt 0:00:04]} 7. Re1 {[%emt 0:08:06]} c6 {[%emt 0:01:37]} 8. dxe5 {[%emt 0:09:46] C41: Philidor Defence} (8. a4 a5 9. h3 Re8 10. Ba2 Bf8 11. Be3 Qc7 12. Ng5 Re7 13. f4 b6 14. fxe5 dxe5 15. d5 cxd5 16. exd5 {1-0 (16) Wang,H (2709)-Ivanchuk,V (2726) Huaian 2017}) 8... dxe5 {[%emt 0:00:49]} 9. Bg5 {[%emt 0:11:14]} h6 {[%emt 0:08:29]} 10. Bh4 {[%emt 0:03:57]} Nh5 {[%emt 0:01:45]} 11. Bxe7 {[%emt 0:06:46]} Qxe7 {[%emt 0:00:15]} 12. Ne2 $146 {[%emt 0:01:57]} ({Predecessor:} 12. Qd2 Nb6 13. Bb3 Bg4 14. Qe3 Qf6 15. Nd2 Be6 {½-½ (33) Sieker,R (2014)-Bader,G (2133) Gerlingen 2007}) 12... Nb6 {[%emt 0:18:15]} 13. Bb3 {[%emt 0:05:02]} Bg4 {[%emt 0:01:36]} 14. Ng3 {[%emt 0:05:12]} Rad8 {[%emt 0:06:38]} 15. Qe2 {[%emt 0:01:46]} Nf4 {[%emt 0:08:36]} 16. Qe3 {[%emt 0:01:00]} Qf6 {[%emt 0:01:14]} 17. Nd2 {[%emt 0:06:17]} Rd4 {[%emt 0:04:09]} 18. f3 {[%emt 0:05:14]} Rfd8 {[%emt 0:03:06]} 19. Rad1 {[%emt 0:06:44]} (19. Ndf1 $1 $15 Be6 20. Bxe6 fxe6 21. Qb3) 19... Bc8 {[%emt 0:04:41]} 20. Ne2 {[%emt 0:04:14]} Nxe2+ {[%emt 0:25:39]} 21. Qxe2 {[%emt 0:00:08]} Qd6 {[%emt 0:01:22]} 22. Nc4 {[%emt 0:09:16]} Nxc4 $19 {[%emt 0:00:16]} 0-1